Países megadiversos - Statistics

Estatísticas Gerais
  • Esse quiz foi jogado 40 vezes
  • A pontuação média é 14 de 17
Estatísticas das Respostas
Continente Resposta % Correto
Oceania Austrália
97%
América Brasil
97%
Ásia China
94%
América Estados Unidos
94%
África África do Sul
92%
América Colômbia
86%
Ásia Índia
86%
América México
86%
América Venezuela
86%
Ásia Indonésia
81%
América Peru
81%
América Equador
78%
África República Democrática do Congo
72%
Oceania Papua-Nova Guiné
69%
Ásia Malásia
64%
Ásia Filipinas
61%
África Madagáscar
56%
Nenhum quiz correspondente encontrado
Distribuição das Pontuações
Porcentagem de Pessoas com Cada Pontuação
Percentil de Números Respondidos
Sua Pontuação Histórica
Você não jogou esse quiz